Aprendiendo Microsoft Office XP en 24 horas (Registro nro. 1051)
[ vista simple ]
| 000 -CABECERA | |
|---|---|
| campo de control de longitud fija | 00783aam a2200289 4500 |
| 005 - FECHA Y HORA DE ACTUALIZACIÓN | |
| campo de control | 20230310174403.0 |
| 008 - LONGITUD FIJA | |
| campo de control de longitud fija | 150326b xxu||||| |||| 00| 0 spa d |
| 041 ## - IDIOMA | |
| Código de idioma del texto/pista de sonido o título separado | Español |
| 082 ## - CLASIFICACIÓN DECIMAL DEWEY | |
| Número de clasificación | 005.3 P463a |
| 100 ## - AUTOR PERSONAL | |
| Nombre de persona | Perry, Greg |
| 245 ## - TÍTULO PROPIAMENTE DICHO | |
| Título | Aprendiendo Microsoft Office XP en 24 horas |
| 260 ## - PIE DE IMPRENTA | |
| Lugar de publicación, distribución, etc. | México |
| 260 ## - PIE DE IMPRENTA | |
| Nombre del editor, distribuidor, etc. | Pearson Educación |
| 260 ## - PIE DE IMPRENTA | |
| Fecha de publicación, distribución, etc. | 2001 |
| 300 ## - DESCRIPCIÓN FÍSICA | |
| Extensión | 448 páginas |
| 650 ## - Materia General | |
| Materia general | PROGRAMAS PARA COMPUTADOR |
| 650 ## - Materia General | |
| Materia general | MICROSOFT OFFICE XP |
| 650 ## - Materia General | |
| Materia general | WORD 2002 |
| 650 ## - Materia General | |
| Materia general | EXCEL 2002 |
| 650 ## - Materia General | |
| Materia general | POWERPOINT 2002 |
| 650 ## - Materia General | |
| Materia general | OUT LOOK 2002 |
| 650 ## - Materia General | |
| Materia general | ACCESS 2002 |
| 650 ## - Materia General | |
| Materia general | INTERNET |
| 650 ## - Materia General | |
| Materia general | PAGINAS WEB |
| 650 ## - Materia General | |
| Materia general | PRESENTACIONES |
| 942 ## - Punto de Acceso Adicional Koha | |
| Tipo de ítem Koha | Libro |
| Estado perdido | Estado dañado | No para préstamo | Biblioteca permanente | Biblioteca actual | Signatura completa | Código de barras | Tipo de ítem |
|---|---|---|---|---|---|---|---|
| Departamento de Biblioteca y Documentación Alfonso Chase Brenes | Departamento de Biblioteca y Documentación Alfonso Chase Brenes | 005.3P463a | 8495 | Libro |